Freedom, nationhood, and culture : A collection of speeches delivered from 1954 to 1959

Сохранить в:
Библиографические подробности
Главный автор: Manglapus, Raul S.
Формат:
Язык:Undetermined
Опубликовано: Manila Carmelo & Bauermann 1959
Предметы:
Метки: Добавить метку
Нет меток, Требуется 1-ая метка записи!
Thư viện lưu trữ: Trung tâm Học liệu Trường Đại học Cần Thơ
LEADER 00584nam a2200205Ia 4500
001 CTU_109048
008 210402s9999 xx 000 0 und d
082 |a 327.914 
082 |b M277 
100 |a Manglapus, Raul S. 
245 0 |a Freedom, nationhood, and culture : 
245 2 |b A collection of speeches delivered from 1954 to 1959 
245 0 |c Raul S. Manglapus 
260 |a Manila 
260 |b Carmelo & Bauermann 
260 |c 1959 
650 |a Philippines 
650 |x Foreign relations 
904 |i M.Loan 
980 |a Trung tâm Học liệu Trường Đại học Cần Thơ